Katarína (Record no. 22481)
[ view plain ]
| 000 -LEADER | |
|---|---|
| fixed length control field | 01231cam a2200397 a 4500 |
| 001 - CONTROL NUMBER | |
| control field | 22481 |
| 003 - CONTROL NUMBER IDENTIFIER | |
| control field | SK-KTurca |
| 005 - DATE AND TIME OF LATEST TRANSACTION | |
| control field | 20260330141100.0 |
| 008 - FIXED-LENGTH DATA ELEMENTS--GENERAL INFORMATION | |
| fixed length control field | 240318s1996 xo j 000 f slo |
| 015 ## - NATIONAL BIBLIOGRAPHY NUMBER | |
| National bibliography number | SNBA1996/1103162 |
| 020 ## - INTERNATIONAL STANDARD BOOK NUMBER | |
| International Standard Book Number | 8071347582 |
| Qualifying information | (viaz.) |
| 035 ## - SYSTEM CONTROL NUMBER | |
| System control number | SNK000165088 |
| 035 ## - SYSTEM CONTROL NUMBER | |
| System control number | urn:nbn:sk:snk-amjbvk |
| 035 ## - SYSTEM CONTROL NUMBER | |
| System control number | urn:nbn:sk:snk-am003o4y |
| 035 ## - SYSTEM CONTROL NUMBER | |
| System control number | AC5F9F76-1738-49D1-92AF-F0E63D5B7EC7 |
| 040 ## - CATALOGING SOURCE | |
| Original cataloging agency | SNK |
| Language of cataloging | slo |
| Transcribing agency | SNK |
| Description conventions | AACR2 |
| 041 1# - LANGUAGE CODE | |
| Language code of text/sound track or separate title | slo |
| Language code of original | ger |
| 044 ## - COUNTRY OF PUBLISHING/PRODUCING ENTITY CODE | |
| MARC country code | xo |
| ISO country code | SK |
| 080 ## - UNIVERSAL DECIMAL CLASSIFICATION NUMBER | |
| Universal Decimal Classification number | 830-3 |
| Edition identifier | 1981 |
| 100 1# - MAIN ENTRY--PERSONAL NAME | |
| Personal name | Krauss, Irma, |
| Dates associated with a name | 1949- |
| Relationship | aut |
| 240 10 - UNIFORM TITLE | |
| Uniform title | Katharina - Herzklopfen |
| Language of a work | Slovensky |
| 245 10 - TITLE STATEMENT | |
| Title | Katarína |
| Number of part/section of a work | 2 |
| Name of part/section of a work | Búšenie srdca |
| Statement of responsibility, etc. | Irma Kraussová ; [z nemeckého originálu ... preložila Mária Klenková] |
| 246 30 - VARYING FORM OF TITLE | |
| Title proper/short title | Búšenie srdca |
| 250 ## - EDITION STATEMENT | |
| Edition statement | 1. vyd. |
| 260 ## - PUBLICATION, DISTRIBUTION, ETC. | |
| Place of publication, distribution, etc. | Bratislava |
| Name of publisher, distributor, etc. | Egmont Neografia |
| Date of publication, distribution, etc. | 1996 |
| 300 ## - PHYSICAL DESCRIPTION | |
| Extent | 147 s. |
| Dimensions | 19 cm |
| 490 1# - SERIES STATEMENT | |
| Series statement | Srdiečka |
| 500 ## - GENERAL NOTE | |
| General note | Údaj o prekl. prevzatý z rubu tit. strany |
| 650 07 - SUBJECT ADDED ENTRY--TOPICAL TERM | |
| Topical term or geographic name entry element | nemecká literatúra |
| Source of heading or term | SNKPH |
| 655 #7 - INDEX TERM--GENRE/FORM | |
| Genre/form data or focus term | dievčenské romány |
| Source of term | SNKPH |
| 700 1# - ADDED ENTRY--PERSONAL NAME | |
| Personal name | Klenková, Mária |
| Relationship | trl |
| 830 #0 - SERIES ADDED ENTRY--UNIFORM TITLE | |
| Uniform title | Srdiečka |
| 911 ## - EQUIVALENCE OR CROSS-REFERENCE-CONFERENCE OR MEETING NAME [LOCAL, CANADA] | |
| Meeting name or jurisdiction name as entry element | KN 1996/11 |
| Number [OBSOLETE] | 03162 |
| 942 ## - ADDED ENTRY ELEMENTS (KOHA) | |
| Source of classification or shelving scheme | Dewey Decimal Classification |
| Koha item type | Krásna literatúra pre deti |
| Suppress in OPAC | No |
| Stav vyradenia | Strata | Poškodenie | Spôsob nadobudnutia | Domovská knižnica | Aktuálna knižnica | Dátum nadobudnutia | Total checkouts | Čiarový kód exemplára | Date last seen | Typ exemplára |
|---|---|---|---|---|---|---|---|---|---|---|
| Dar | Obecná knižnica Horná Štubňa | Obecná knižnica Horná Štubňa | 30.03.2026 | 9788071347583 | 30.03.2026 | Krásna literatúra pre deti |
